Biggest Asian "Z" Cities by Picture - Statistics

General Stats
  • This quiz has been taken 35 times
  • The average score is 5 of 16
Answer Stats
Picture Hint Answer % Correct
🇨🇳 6,460,000 Zhèngzhōu
80%
🇨🇳 2,210,000 Zhūhǎi
60%
🇨🇳 3,840,000 Zhōngshān
47%
🇨🇳 1,510,000 Zhūzhōu
47%
🇨🇳 2,750,000 Zībó
43%
🇨🇳 850,000 Zhāngzhōu
33%
🇨🇳 1,340,000 Zhāngjiākǒu
30%
🇨🇳 1,120,000 Zhènjiāng
30%
🇨🇳 1,680,000 Zūnyì
30%
🇨🇳 1,400,000 Zhànjiāng
27%
🇨🇳 1,350,000 Zǎozhuāng
23%
🇨🇳 1,060,000 Zhāngjiāgǎng
20%
🇨🇳 870,000 Zìgòng
13%
🇨🇳 760,000 Zōuchéng
10%
🇨🇳 1,040,000 Zhàoqìng
7%
🇨🇳 760,000 Zhūjì
7%
No matching quizzes found
Score Distribution
Percent of People with Each Score
Percentile by Number Answered
Your Score History
You have not taken this quiz